000 00530nam a2200205Ia 4500
003 GCL
008 140319s9999 xx 000 0 aRus d
040 _aGCL /
_cGCL
082 0 4 _a862
_bL B
100 1 _aLORCA, FEDERICO GARCIA
245 1 0 _aBODAS DE SANGRE /
_cLORCA, FEDERICO GARCIA
260 _a[S.N] :
_bCATEDRA LETRAS HISPANICAS ،
_c1995
300 _a167
650 0 4 _aLITERATURE
650 0 4 _aFICTION
650 0 4 _aSPANISH LITERATURE
650 0 4 _aSPANISH DRAMA
650 0 4 _aSPANISH FICTION
942 _2ddc
_cBK
999 _c12896
_d12896